• 首页
  • 本馆介绍
  • 公告通知
  • 最新文献
  • 馆藏检索
  • 电子资源
  • 读者导购
  • 参考咨询
  • 我的图书馆
  • 登录
  • 详细信息显示
  • 放入我的书架
  • 预约/预借图书
  • 作者相关作品
  • 分类相关作品
  • 丛书相关作品
  • 出版社相关作品

书目信息

  • 表格格式
  • 工作单格式
  • 卡片格式
题名:
气功三百问
    
 
作者: 林厚省 , 骆佩钰 编著
分册:  
出版信息: 广州   广东科技出版社  1983
页数: 330页
开本: 19cm
丛书名:
单 册:
中图分类: R247.4
科图分类:
主题词: 中医学:临床医学
电子资源:
ISBN:
000 00668nam0 2200253 45
001 0183006164
005 20040520095018.8
010    @dCNY1.00
091    @a14182.96
100    @a19950628d1983 em y0chiy0121 ea
101 0  @achi
102    @aCN@b440000
105    @ay z 000yy
106    @ar
200 10 @a气功三百问@Aqi gong san bai wen@f林厚省,骆佩钰编著
210    @a广州@c广东科技出版社@d1983
215    @a330页@d19cm
606 0  @a中医学:临床医学
690    @aR247.4
701  0 @a林厚省@Alin hou sheng@4编著
701  0 @a骆佩钰@Aluo pei yu@4编著
801  0 @aCN@b上海图书馆@c20040520
801  2 @aCN@bNLC@c20040520
905    @f1@b145176@dR247.4@e21
    
    气功三百问/林厚省,骆佩钰编著.-广州:广东科技出版社,1983
    330页;19cm
    
    
    ISBN :CNY1.00
    
●
相关链接 在E读中查询图书 在五车中查询图书 在当当中查询图书 在豆瓣中查询图书


正题名:气功三百问     索取号:R247.4/21         预约/预借

序号 登录号 条形码 馆藏地/架位号 状态 备注
1 0116756   000711590   第二样本阅览室/ [索取号:R247.4/21] 在馆    
2 0145175   000711536   第三借阅区/ [索取号:R247.4/21] 在馆    
3 0145176   000711563   密集书库/ [索取号:R247.4/21] 在馆    
唐山师范学院图书馆 欢迎您!
大连网信软件有限公司© 版权所有